[Event "43. Olimpiada Batumi 2018 Femenina"]
[Site "Batumi GEO"]
[Date "2018.09.24"]
[Round "1.2"]
[White "Mentile, Lishen"]
[Black "Hincu, Olga"]
[Result "0-1"]
[WhiteElo "1502"]
[BlackElo "2124"]
[PlyCount "70"]
[EventDate "2018.09.24"]
[EventType "team-swiss"]
[EventRounds "11"]
[EventCountry "GEO"]
[SourceTitle "Ajedrez en Madrid"]
[Source "lmi"]
[SourceDate "2018.09.24"]
[WhiteTeam "Namibia"]
[BlackTeam "Moldova"]
[WhiteTeamCountry "NAM"]
[BlackTeamCountry "MDA"]

1. e4 e6 2. Nf3 d5 3. exd5 exd5 4. d4 Nf6 5. h3 Be7 6. Be2 O-O 7. O-O Ne4 8.
Bf4 c5 9. c3 Nc6 10. Nbd2 Bf5 11. Nxe4 dxe4 12. Ne5 Nxe5 13. dxe5 Qb6 14. b3
Rad8 15. Qc1 f6 16. Bc4+ Be6 17. Bxe6+ Qxe6 18. exf6 Bxf6 19. Qe3 Rd3 20. Qxc5
Bxc3 21. Rac1 Bd4 22. Qg5 h6 23. Qh4 g5 24. Bxg5 hxg5 25. Qxg5+ Bg7 26. Rc7 Rf7
27. Rfc1 Rxc7 28. Rxc7 Rd1+ 29. Kh2 Qe5+ 30. Qg3 Qxg3+ 31. fxg3 e3 32. Re7 Bd4
33. Re4 Rd2 34. g4 e2 35. Kg3 e1=Q+ 0-1

[Event "43. Olimpiada Batumi 2018 Femenina"]
[Site "Batumi GEO"]
[Date "2018.09.24"]
[Round "1.3"]
[White "Petrenko, Svetlana"]
[Black "Nepando, Jolly"]
[Result "1-0"]
[WhiteElo "2156"]
[BlackElo "1479"]
[PlyCount "97"]
[EventDate "2018.09.24"]
[EventType "team-swiss"]
[EventRounds "11"]
[EventCountry "GEO"]
[SourceTitle "Ajedrez en Madrid"]
[Source "lmi"]
[SourceDate "2018.09.24"]
[WhiteTeam "Moldova"]
[BlackTeam "Namibia"]
[WhiteTeamCountry "MDA"]
[BlackTeamCountry "NAM"]

1. c4 e5 2. Nc3 Nf6 3. d3 h6 4. Nf3 Nc6 5. g3 Bc5 6. Bg2 a6 7. O-O d6 8. h3 O-O
9. e3 Ne7 10. d4 exd4 11. exd4 Ba7 12. b3 c6 13. Bb2 b5 14. cxb5 axb5 15. b4 d5
16. Ne5 Qd6 17. a3 Nf5 18. Ne2 Nd7 19. Nd3 Re8 20. Nc5 Nb6 21. Re1 Nc4 22. Bc3
Bb6 23. Nf4 Re7 24. a4 bxa4 25. Rxe7 Nxe7 26. Nxa4 Bc7 27. Qe1 Bd7 28. Nc5 Rxa1
29. Bxa1 Bc8 30. Bc3 Bb6 31. Bf1 Bc7 32. Ncd3 Bd7 33. b5 Qf6 34. Nc5 Bc8 35.
Bxc4 Bxf4 36. Bf1 Bd6 37. b6 Be6 38. b7 Nf5 39. Na6 Qd8 40. Qa1 Qb6 41. Qb2
Qxb2 42. Bxb2 Ne7 43. Ba3 Bxa3 44. b8=Q+ Kh7 45. g4 f5 46. Bd3 g6 47. Qe5 Bc8
48. Nc5 Ng8 49. Qc7+ 1-0

[Event "43. Olimpiada Batumi 2018 Femenina"]
[Site "Batumi GEO"]
[Date "2018.09.24"]
[Round "1.4"]
[White "Shipindo, Rauha"]
[Black "Gitu, Paula-Alexandra"]
[Result "0-1"]
[WhiteElo "1518"]
[BlackElo "2026"]
[PlyCount "40"]
[EventDate "2018.09.24"]
[EventType "team-swiss"]
[EventRounds "11"]
[EventCountry "GEO"]
[SourceTitle "Ajedrez en Madrid"]
[Source "lmi"]
[SourceDate "2018.09.24"]
[WhiteTeam "Namibia"]
[BlackTeam "Moldova"]
[WhiteTeamCountry "NAM"]
[BlackTeamCountry "MDA"]

1. e4 d6 2. Nf3 Nf6 3. d3 e5 4. g3 Be7 5. Bg2 Nc6 6. Be3 O-O 7. O-O Ng4 8. Bd2
f5 9. exf5 Bxf5 10. Bh3 Qd7 11. Bg5 Nxh2 12. Bxf5 Nxf3+ 13. Qxf3 Rxf5 14. Qd5+
Kh8 15. Bxe7 Qxe7 16. Nd2 Qg5 17. Ne4 Qg4 18. Kg2 Qf3+ 19. Kg1 Rh5 20. Nc3 Rh1#
0-1

[Event "43. Olimpiada Batumi 2018 Femenina"]
[Site "Batumi GEO"]
[Date "2018.09.24"]
[Round "1.1"]
[White "Girmay, Feven Gebremeskel"]
[Black "Fisabilillah, Ummi"]
[Result "0-1"]
[WhiteElo "1483"]
[BlackElo "2227"]
[PlyCount "88"]
[EventDate "2018.09.24"]
[EventType "team-swiss"]
[EventRounds "11"]
[EventCountry "GEO"]
[SourceTitle "Ajedrez en Madrid"]
[Source "lmi"]
[SourceDate "2018.09.24"]
[WhiteTeam "Ethiopia"]
[BlackTeam "Indonesia"]
[WhiteTeamCountry "ETH"]
[BlackTeamCountry "INA"]

1. d4 Nf6 2. c4 e6 3. Nc3 Bb4 4. Bg5 b6 5. e3 Bb7 6. Nf3 O-O 7. Be2 d6 8. O-O
Bxc3 9. bxc3 Nbd7 10. h3 Re8 11. Re1 h6 12. Bh4 Nf8 13. Bf1 Ng6 14. Bxf6 Qxf6
15. Nh2 e5 16. Ng4 Qg5 17. d5 Bc8 18. g3 e4 19. f4 exf3 20. Qxf3 Bxg4 21. Qxg4
Qxg4 22. hxg4 Re4 23. g5 Ne5 24. Bg2 Rxc4 25. gxh6 gxh6 26. Rac1 Re8 27. Rc2
Kg7 28. Rf1 Ng4 29. Rf4 Rxf4 30. exf4 Re1+ 31. Bf1 Rxf1+ 32. Kxf1 Ne3+ 33. Ke2
Nxc2 34. Kd3 Na3 35. c4 h5 36. Kc3 Kf6 37. Kb4 Kf5 38. Kxa3 Kg4 39. Kb4 a6 40.
a4 Kxg3 41. a5 h4 42. axb6 cxb6 43. c5 bxc5+ 44. Ka5 h3 0-1

[Event "43. Olimpiada Batumi 2018 Femenina"]
[Site "Batumi GEO"]
[Date "2018.09.24"]
[Round "1.2"]
[White "Nur Abidah, Shanti"]
[Black "Haile, Lidet Abate"]
[Result "1-0"]
[WhiteElo "2152"]
[BlackElo "1544"]
[PlyCount "93"]
[EventDate "2018.09.24"]
[EventType "team-swiss"]
[EventRounds "11"]
[EventCountry "GEO"]
[SourceTitle "Ajedrez en Madrid"]
[Source "lmi"]
[SourceDate "2018.09.24"]
[WhiteTeam "Indonesia"]
[BlackTeam "Ethiopia"]
[WhiteTeamCountry "INA"]
[BlackTeamCountry "ETH"]

1. e4 e5 2. Nf3 Nc6 3. Bc4 Be7 4. c3 Na5 5. Nxe5 Nxc4 6. Nxc4 d5 7. exd5 Qxd5
8. Ne3 Qd3 9. Qe2 Qxe2+ 10. Kxe2 b6 11. f3 Ba6+ 12. Kf2 O-O-O 13. d4 Bh4+ 14.
g3 Bf6 15. a4 h5 16. h3 Ne7 17. a5 b5 18. Nd2 h4 19. g4 Bg5 20. Ne4 Bf4 21. Nf5
Nxf5 22. Bxf4 Nd6 23. Rhe1 Nxe4+ 24. Rxe4 Rhe8 25. Rae1 Rxe4 26. Rxe4 Kd7 27.
Bg5 f6 28. Bd2 Re8 29. g5 Rxe4 30. fxe4 Bb7 31. gxf6 gxf6 32. Ke3 Ke7 33. Be1
Bc8 34. Bxh4 Kf7 35. Bg3 Bxh3 36. Bxc7 a6 37. d5 Bd7 38. Kd4 Ke7 39. Bg3 Ke8
40. b3 Ke7 41. c4 bxc4 42. bxc4 Ke8 43. c5 Ke7 44. c6 Bc8 45. Kc5 Kd8 46. Bh4
Ke7 47. e5 1-0

[Event "43. Olimpiada Batumi 2018 Femenina"]
[Site "Batumi GEO"]
[Date "2018.09.24"]
[Round "1.3"]
[White "Eshete, Ruth Leykun"]
[Black "Anisa, Aay Aisyah"]
[Result "0-1"]
[WhiteElo "1508"]
[BlackElo "1968"]
[PlyCount "58"]
[EventDate "2018.09.24"]
[EventType "team-swiss"]
[EventRounds "11"]
[EventCountry "GEO"]
[SourceTitle "Ajedrez en Madrid"]
[Source "lmi"]
[SourceDate "2018.09.24"]
[WhiteTeam "Ethiopia"]
[BlackTeam "Indonesia"]
[WhiteTeamCountry "ETH"]
[BlackTeamCountry "INA"]

1. c4 e5 2. Nc3 Nc6 3. e3 d6 4. d4 g6 5. h3 Bg7 6. Nf3 f5 7. dxe5 Nxe5 8. Nxe5
Bxe5 9. Qc2 Be6 10. b3 Ne7 11. Bb2 Nc6 12. Nd5 Bxd5 13. cxd5 Nb4 14. Qe2 O-O
15. Bxe5 dxe5 16. Rd1 Nxd5 17. e4 fxe4 18. Qxe4 c6 19. Bc4 Qa5+ 20. Rd2 Rad8
21. b4 Qb6 22. O-O Rf4 23. Qe2 Qxb4 24. Bxd5+ cxd5 25. Rfd1 Re4 26. Qf3 Rf8 27.
Qg3 d4 28. Qd3 Ref4 29. Rb2 Qxb2 0-1

[Event "43. Olimpiada Batumi 2018 Femenina"]
[Site "Batumi GEO"]
[Date "2018.09.24"]
[Round "1.4"]
[White "Edithso, Samantha"]
[Black "Gebratsadik, Merhawit Brhane"]
[Result "1-0"]
[WhiteElo "1805"]
[BlackElo "1408"]
[PlyCount "91"]
[EventDate "2018.09.24"]
[EventType "team-swiss"]
[EventRounds "11"]
[EventCountry "GEO"]
[SourceTitle "Ajedrez en Madrid"]
[Source "lmi"]
[SourceDate "2018.09.24"]
[WhiteTeam "Indonesia"]
[BlackTeam "Ethiopia"]
[WhiteTeamCountry "INA"]
[BlackTeamCountry "ETH"]

1. e4 c5 2. Nf3 Nc6 3. d4 cxd4 4. Nxd4 g6 5. Nc3 Bg7 6. Be3 e6 7. Ndb5 Bf8 8.
Bf4 e5 9. Be3 a6 10. Nd6+ Bxd6 11. Qxd6 Qe7 12. Qd2 d6 13. Nd5 Qd8 14. Bb6 Qh4
15. Nc7+ Kd7 16. O-O-O Qe7 17. Nxa8 Nf6 18. Be3 Nxe4 19. Nb6+ Kd8 20. Qd5 Bf5
21. g4 Nf6 22. Qxd6+ Qxd6 23. Rxd6+ Ke7 24. Bc5 Ne4 25. Rxc6+ Kd8 26. gxf5 bxc6
27. Be3 gxf5 28. Bg2 Nd6 29. Bxc6 Kc7 30. Bf3 f4 31. Nd5+ Kd7 32. Bc5 Nf5 33.
Bg4 Ke6 34. Ne7 Kf6 35. Bxf5 h5 36. Rd1 Rb8 37. h4 Rb5 38. b4 a5 39. a4 Rb7 40.
bxa5 Rc7 41. Nd5+ Kg7 42. Nxc7 Kf6 43. a6 f3 44. a7 e4 45. a8=Q e3 46. Qh8+ 1-0

[Event "43. Olimpiada Batumi 2018 Femenina"]
[Site "Batumi GEO"]
[Date "2018.09.24"]
[Round "1.1"]
[White "Hagesather, Ellen"]
[Black "Rawan, Jamal"]
[Result "1-0"]
[WhiteElo "2181"]
[BlackElo "1471"]
[PlyCount "55"]
[EventDate "2018.09.24"]
[EventType "team-swiss"]
[EventRounds "11"]
[EventCountry "GEO"]
[SourceTitle "Ajedrez en Madrid"]
[Source "lmi"]
[SourceDate "2018.09.24"]
[WhiteTeam "Norway"]
[BlackTeam "Sudan"]
[WhiteTeamCountry "NOR"]
[BlackTeamCountry "SUD"]

1. b3 d5 2. Bb2 Nf6 3. f4 Nbd7 4. Nf3 e6 5. e3 c6 6. Be2 b6 7. O-O Be7 8. h3 h5
9. d3 Bb7 10. c4 c5 11. Ne5 Qc7 12. Nd2 O-O 13. Bxh5 Nxh5 14. Qxh5 Nf6 15. Qe2
Rad8 16. Ndf3 Nh5 17. Kh2 dxc4 18. bxc4 a6 19. Ng5 f6 20. Nxe6 Qd6 21. Nxd8
Bxd8 22. Ng6 Re8 23. Qxh5 Rxe3 24. Qh8+ Kf7 25. Ne5+ Ke6 26. f5+ Ke7 27. Qxg7+
Ke8 28. Qf7# 1-0

[Event "43. Olimpiada Batumi 2018 Femenina"]
[Site "Batumi GEO"]
[Date "2018.09.24"]
[Round "1.2"]
[White "Sara, Gadalla Karar"]
[Black "Sahl, Sheila Barth"]
[Result "0-1"]
[WhiteElo "1446"]
[BlackElo "2136"]
[PlyCount "52"]
[EventDate "2018.09.24"]
[EventType "team-swiss"]
[EventRounds "11"]
[EventCountry "GEO"]
[SourceTitle "Ajedrez en Madrid"]
[Source "lmi"]
[SourceDate "2018.09.24"]
[WhiteTeam "Sudan"]
[BlackTeam "Norway"]
[WhiteTeamCountry "SUD"]
[BlackTeamCountry "NOR"]

1. d4 d5 2. Bf4 Nf6 3. Nf3 c5 4. Nc3 Nc6 5. e3 a6 6. dxc5 e6 7. Qd2 Bxc5 8. a3
O-O 9. Bd3 Re8 10. Ne5 Nd7 11. Nxc6 bxc6 12. b4 Bf8 13. h4 e5 14. Bg3 Nb6 15.
e4 Ra7 16. O-O-O d4 17. Na2 Be6 18. Kb1 a5 19. h5 Bxa2+ 20. Kxa2 axb4 21. Rb1
Rxa3+ 22. Kb2 Na4+ 23. Kc1 Nc3 24. Kb2 Ra2+ 25. Kc1 Nxb1 26. Kxb1 Qa5 0-1

[Event "43. Olimpiada Batumi 2018 Femenina"]
[Site "Batumi GEO"]
[Date "2018.09.24"]
[Round "1.3"]
[White "Machlik, Monika"]
[Black "Mohamed Ahmed, Naiwa"]
[Result "1-0"]
[WhiteElo "2059"]
[BlackElo "1407"]
[PlyCount "51"]
[EventDate "2018.09.24"]
[EventType "team-swiss"]
[EventRounds "11"]
[EventCountry "GEO"]
[SourceTitle "Ajedrez en Madrid"]
[Source "lmi"]
[SourceDate "2018.09.24"]
[WhiteTeam "Norway"]
[BlackTeam "Sudan"]
[WhiteTeamCountry "NOR"]
[BlackTeamCountry "SUD"]

1. d4 g6 2. c4 Bg7 3. Nc3 d6 4. e4 Nf6 5. f4 e6 6. Nf3 O-O 7. Bd3 Re8 8. e5
dxe5 9. fxe5 Nfd7 10. Bg5 f6 11. exf6 Nxf6 12. O-O Nbd7 13. Qe2 c5 14. dxc5
Nxc5 15. Rad1 Qb6 16. Kh1 a5 17. Bxf6 Bxf6 18. Nd5 Qd8 19. Nxf6+ Qxf6 20. Ne5
Qg5 21. Qf2 Qe7 22. Qg3 Bd7 23. Rf7 Qd6 24. Bc2 Qb6 25. Bxg6 hxg6 26. Qxg6+ 1-0

[Event "43. Olimpiada Batumi 2018 Femenina"]
[Site "Batumi GEO"]
[Date "2018.09.24"]
[Round "1.4"]
[White "Marwa, Jadalla"]
[Black "Kyrkjebo, Hanna B"]
[Result "0-1"]
[WhiteElo "1322"]
[BlackElo "1947"]
[PlyCount "52"]
[EventDate "2018.09.24"]
[EventType "team-swiss"]
[EventRounds "11"]
[EventCountry "GEO"]
[SourceTitle "Ajedrez en Madrid"]
[Source "lmi"]
[SourceDate "2018.09.24"]
[WhiteTeam "Sudan"]
[BlackTeam "Norway"]
[WhiteTeamCountry "SUD"]
[BlackTeamCountry "NOR"]

1. d4 Nf6 2. Bf4 e6 3. Nf3 c5 4. e3 Be7 5. c3 b6 6. Nbd2 Bb7 7. Bd3 O-O 8. Qc2
d5 9. Ne5 Nbd7 10. Nxd7 Qxd7 11. Be5 h6 12. h3 Rac8 13. O-O Qd8 14. Qd1 Ne4 15.
Nxe4 dxe4 16. Bc2 f6 17. Bh2 Bd5 18. Bb3 c4 19. Bc2 f5 20. Qh5 Kh7 21. Rfc1 Bd6
22. b3 b5 23. bxc4 bxc4 24. Rcb1 Bxh2+ 25. Kxh2 Qd6+ 26. Kg1 Qa3 0-1

[Event "43. Olimpiada Batumi 2018 Femenina"]
[Site "Batumi GEO"]
[Date "2018.09.24"]
[Round "1.1"]
[White "Heredia Serrano, Carla"]
[Black "Gemota, Joan"]
[Result "1-0"]
[WhiteElo "2159"]
[BlackElo "1346"]
[PlyCount "95"]
[EventDate "2018.09.24"]
[EventType "team-swiss"]
[EventRounds "11"]
[EventCountry "GEO"]
[SourceTitle "Ajedrez en Madrid"]
[Source "lmi"]
[SourceDate "2018.09.24"]
[WhiteTeam "Ecuador"]
[BlackTeam "Palau"]
[WhiteTeamCountry "ECU"]
[BlackTeamCountry "PAL"]

1. e4 e5 2. Nf3 Nc6 3. Bc4 d6 4. O-O Be7 5. d4 exd4 6. Nxd4 Nxd4 7. Qxd4 Nf6 8.
Bg5 c5 9. Qd3 h6 10. Bh4 O-O 11. Nc3 a6 12. a4 Qc7 13. Rfd1 Be6 14. Bxf6 Bxf6
15. Bxe6 fxe6 16. Qxd6 Qf7 17. Qxc5 Rac8 18. Qe3 Bg5 19. Qe2 Rc5 20. Rd3 Bf6
21. Rad1 Kh7 22. Re3 Rcc8 23. e5 Bg5 24. Rf3 Qc7 25. h4 Rxf3 26. Qxf3 Bxh4 27.
Qe4+ Kg8 28. Qxh4 Qxe5 29. Rd8+ Rxd8 30. Qxd8+ Kh7 31. Qd3+ Kg8 32. Qe4 Qxe4
33. Nxe4 g5 34. a5 Kf7 35. Nd6+ Kf6 36. Nxb7 e5 37. Nc5 g4 38. Nxa6 e4 39. Nc5
Kf5 40. a6 Kf4 41. a7 g3 42. a8=Q gxf2+ 43. Kxf2 e3+ 44. Ke2 h5 45. Qe4+ Kg5
46. Nd7 h4 47. Qe5+ Kg4 48. Nf6# 1-0

[Event "43. Olimpiada Batumi 2018 Femenina"]
[Site "Batumi GEO"]
[Date "2018.09.24"]
[Round "1.2"]
[White "Mission, Baby Edna"]
[Black "Ortiz Verdesoto, Anahi"]
[Result "0-1"]
[WhiteElo "1475"]
[BlackElo "1954"]
[PlyCount "62"]
[EventDate "2018.09.24"]
[EventType "team-swiss"]
[EventRounds "11"]
[EventCountry "GEO"]
[SourceTitle "Ajedrez en Madrid"]
[Source "lmi"]
[SourceDate "2018.09.24"]
[WhiteTeam "Palau"]
[BlackTeam "Ecuador"]
[WhiteTeamCountry "PAL"]
[BlackTeamCountry "ECU"]

1. e4 e5 2. Nf3 d6 3. Bc4 Be7 4. c3 Nf6 5. Ng5 O-O 6. d4 exd4 7. cxd4 h6 8. Nf3
Nxe4 9. O-O d5 10. Bd3 Bg4 11. h3 Bf5 12. Qe2 Nc6 13. Nbd2 Re8 14. Bxe4 dxe4
15. Nxe4 Bb4 16. Ne5 Nxd4 17. Qc4 Rxe5 18. Qxb4 Bxe4 19. b3 Nc2 20. Qc3 Qd4 21.
Qxd4 Nxd4 22. Bb2 Rd8 23. Rad1 Red5 24. Rfe1 Ne2+ 25. Rxe2 Rxd1+ 26. Kh2 R1d2
27. Rxd2 Rxd2 28. Be5 Rxf2 29. Kg1 Rxg2+ 30. Kf1 Rxa2 31. Bxc7 a5 0-1

[Event "43. Olimpiada Batumi 2018 Femenina"]
[Site "Batumi GEO"]
[Date "2018.09.24"]
[Round "1.3"]
[White "Romero Echeverria, Abigail"]
[Black "Sisior, Angelil"]
[Result "1-0"]
[WhiteElo "2034"]
[BlackElo "1476"]
[PlyCount "49"]
[EventDate "2018.09.24"]
[EventType "team-swiss"]
[EventRounds "11"]
[EventCountry "GEO"]
[SourceTitle "Ajedrez en Madrid"]
[Source "lmi"]
[SourceDate "2018.09.24"]
[WhiteTeam "Ecuador"]
[BlackTeam "Palau"]
[WhiteTeamCountry "ECU"]
[BlackTeamCountry "PAL"]

1. e4 e5 2. Nf3 Nc6 3. Bc4 d6 4. d4 Be7 5. d5 Nd4 6. Nxd4 exd4 7. Qxd4 Bf6 8.
Qd3 Ne7 9. Nc3 Bd7 10. O-O Ng6 11. f4 O-O 12. Be3 Re8 13. Rae1 c6 14. dxc6 Bxc6
15. Bd4 a6 16. Nd5 Qd7 17. Nb6 Bxd4+ 18. Qxd4 Qg4 19. Nxa8 Nxf4 20. Rxf4 Qxf4
21. Rf1 Qh4 22. Bxf7+ Kf8 23. Qxd6+ Re7 24. Qd8+ Be8 25. Bxe8+ 1-0

[Event "43. Olimpiada Batumi 2018 Femenina"]
[Site "Batumi GEO"]
[Date "2018.09.24"]
[Round "1.4"]
[White "Magno, Angelica"]
[Black "Sarmiento Robles, Paula"]
[Result "0-1"]
[WhiteElo "1105"]
[BlackElo "1750"]
[PlyCount "64"]
[EventDate "2018.09.24"]
[EventType "team-swiss"]
[EventRounds "11"]
[EventCountry "GEO"]
[SourceTitle "Ajedrez en Madrid"]
[Source "lmi"]
[SourceDate "2018.09.24"]
[WhiteTeam "Palau"]
[BlackTeam "Ecuador"]
[WhiteTeamCountry "PAL"]
[BlackTeamCountry "ECU"]

1. e4 e6 2. Nf3 d5 3. e5 c5 4. c3 Bd7 5. Be2 Qb6 6. d3 Nc6 7. O-O Nge7 8. b3 d4
9. Bd2 Ng6 10. cxd4 cxd4 11. Qc1 Rc8 12. Qb2 Ngxe5 13. Na3 Nxf3+ 14. Bxf3 Ne5
15. Nc4 Nxc4 16. dxc4 Be7 17. Rac1 O-O 18. Bf4 Bf6 19. Qd2 Bc6 20. c5 Qd8 21.
Bg4 Qd5 22. Bf3 Qf5 23. Bxc6 Rxc6 24. b4 e5 25. Rce1 exf4 26. Qe2 Re6 27. Qb5
Qd5 28. a4 d3 29. Rd1 Rd8 30. Rfe1 a6 31. Qa5 Rxe1+ 32. Rxe1 d2 0-1

[Event "43. Olimpiada Batumi 2018 Femenina"]
[Site "Batumi GEO"]
[Date "2018.09.24"]
[Round "1.1"]
[White "Jambo, Linda"]
[Black "Aghabekian, Liana"]
[Result "0-1"]
[WhiteElo "1482"]
[BlackElo "2188"]
[PlyCount "72"]
[EventDate "2018.09.24"]
[EventType "team-swiss"]
[EventRounds "11"]
[EventCountry "GEO"]
[SourceTitle "Ajedrez en Madrid"]
[Source "lmi"]
[SourceDate "2018.09.24"]
[WhiteTeam "Malawi"]
[BlackTeam "Luxembourg"]
[WhiteTeamCountry "MWI"]
[BlackTeamCountry "LUX"]

1. e4 e5 2. Nf3 Nc6 3. Bc4 Nf6 4. d3 Be7 5. O-O d6 6. h3 Na5 7. Nbd2 O-O 8. a3
Nxc4 9. Nxc4 Re8 10. Re1 Bf8 11. Bg5 h6 12. Bh4 Be7 13. Ne3 c6 14. c3 Nh5 15.
Bxe7 Qxe7 16. Nh2 Nf4 17. Nf5 Bxf5 18. exf5 Qg5 19. Qg4 Nxd3 20. Qxg5 hxg5 21.
Re2 e4 22. Nf1 d5 23. Rd1 a5 24. f3 Nf4 25. Re3 exf3 26. Rxf3 Re2 27. Rd2 Rae8
28. Rxe2 Rxe2 29. Rf2 Rxf2 30. Kxf2 Nd3+ 31. Ke3 Nxb2 32. Kd4 Nc4 33. Kc5 Kf8
34. Ng3 Ke7 35. Ne2 Kd7 36. Nd4 b6# 0-1

[Event "43. Olimpiada Batumi 2018 Femenina"]
[Site "Batumi GEO"]
[Date "2018.09.24"]
[Round "1.2"]
[White "Steil-Antoni, Fiona"]
[Black "Nkhoma, Desiderata"]
[Result "1-0"]
[WhiteElo "2143"]
[BlackElo "1502"]
[PlyCount "113"]
[EventDate "2018.09.24"]
[EventType "team-swiss"]
[EventRounds "11"]
[EventCountry "GEO"]
[SourceTitle "Ajedrez en Madrid"]
[Source "lmi"]
[SourceDate "2018.09.24"]
[WhiteTeam "Luxembourg"]
[BlackTeam "Malawi"]
[WhiteTeamCountry "LUX"]
[BlackTeamCountry "MWI"]

1. e4 c5 2. Nc3 Nc6 3. f4 e5 4. Nf3 d6 5. Bc4 Be7 6. O-O Bg4 7. h3 Bxf3 8. Qxf3
Nf6 9. d3 O-O 10. a3 Nd4 11. Qf2 a5 12. f5 Nh5 13. g3 Bg5 14. Kh2 Bxc1 15.
Raxc1 Qg5 16. Rce1 Rad8 17. Nd5 Rd7 18. h4 Qd8 19. c3 Nc6 20. g4 Nf4 21. Nxf4
exf4 22. g5 Ne5 23. Qxf4 b5 24. Bxb5 Rb7 25. a4 Rxb5 26. axb5 Nxd3 27. Qg3 Nxe1
28. Rxe1 f6 29. g6 h6 30. Rd1 Qb6 31. Qxd6 Qxb5 32. Rd2 a4 33. Qd5+ Kh8 34. Qd3
Qb7 35. Qd6 Kg8 36. Qd5+ Qxd5 37. Rxd5 Rc8 38. Kg3 Kf8 39. Rd7 Ra8 40. Rf7+ Kg8
41. Rc7 Kf8 42. Rxc5 Ra7 43. Kf4 Ke8 44. h5 Kd7 45. e5 fxe5+ 46. Kxe5 a3 47.
bxa3 Rxa3 48. f6 gxf6+ 49. Kxf6 Ra6+ 50. Kg7 Kd6 51. Rf5 Ra8 52. Rf8 Ra5 53.
Kxh6 Ke7 54. g7 Ra6+ 55. Kh7 Rd6 56. g8=Q Rd7 57. Rf7+ 1-0

[Event "43. Olimpiada Batumi 2018 Femenina"]
[Site "Batumi GEO"]
[Date "2018.09.24"]
[Round "1.3"]
[White "Mpinganjira, Ellen"]
[Black "Bakalarz, Grazyna"]
[Result "0-1"]
[WhiteElo "1412"]
[BlackElo "1849"]
[PlyCount "64"]
[EventDate "2018.09.24"]
[EventType "team-swiss"]
[EventRounds "11"]
[EventCountry "GEO"]
[SourceTitle "Ajedrez en Madrid"]
[Source "lmi"]
[SourceDate "2018.09.24"]
[WhiteTeam "Malawi"]
[BlackTeam "Luxembourg"]
[WhiteTeamCountry "MWI"]
[BlackTeamCountry "LUX"]

1. e4 e5 2. Nf3 Nf6 3. Bb5 c6 4. Ba4 Nxe4 5. Qe2 d5 6. Nxe5 Bd6 7. d3 Bxe5 8.
dxe4 Qa5+ 9. c3 Qxa4 10. exd5 Kd8 11. O-O Re8 12. Qh5 cxd5 13. Qxf7 Qd7 14. Qh5
Qf5 15. Qd1 Bd7 16. Nd2 Nc6 17. Nf3 Kc7 18. Nxe5 Rxe5 19. Be3 Rae8 20. b4 b6
21. Qd2 Kb7 22. a4 Qe4 23. a5 b5 24. Qe2 d4 25. cxd4 Nxd4 26. Qd2 Bc6 27. f3
Qxe3+ 28. Qxe3 Rxe3 29. h3 Rb3 30. Rad1 Rxb4 31. Kh2 Re2 32. Ra1 Rbb2 0-1

[Event "43. Olimpiada Batumi 2018 Femenina"]
[Site "Batumi GEO"]
[Date "2018.09.24"]
[Round "1.4"]
[White "Blond Hanten, Elsa"]
[Black "Simwaba, Anne"]
[Result "1-0"]
[WhiteElo "1635"]
[BlackElo "1206"]
[PlyCount "63"]
[EventDate "2018.09.24"]
[EventType "team-swiss"]
[EventRounds "11"]
[EventCountry "GEO"]
[SourceTitle "Ajedrez en Madrid"]
[Source "lmi"]
[SourceDate "2018.09.24"]
[WhiteTeam "Luxembourg"]
[BlackTeam "Malawi"]
[WhiteTeamCountry "LUX"]
[BlackTeamCountry "MWI"]

1. e4 e6 2. d4 d5 3. Bd3 Nf6 4. Nd2 c5 5. c3 Nc6 6. Ngf3 Qb6 7. exd5 Nxd5 8.
dxc5 Bxc5 9. Ne4 Be7 10. O-O f5 11. Ng3 Bd6 12. Nxf5 exf5 13. Bc4 Be6 14. Bxd5
Bxd5 15. Qxd5 Ne7 16. Re1 g6 17. Bg5 O-O-O 18. Qc4+ Kb8 19. Bxe7 Bxe7 20. Rxe7
Qxb2 21. Rae1 a6 22. Qb3 Qxb3 23. axb3 Rd3 24. R7e3 Rhd8 25. Nd4 Rd2 26. g3 b5
27. Nc6+ Kc7 28. Nxd8 Kxd8 29. Re8+ Kd7 30. R8e7+ Kd8 31. Rxh7 Rd3 32. Ree7 1-0

[Event "43. Olimpiada Batumi 2018 Femenina"]
[Site "Batumi GEO"]
[Date "2018.09.24"]
[Round "1.1"]
[White "Mona, Khaled"]
[Black "Kovacova, Zuzana"]
[Result "1-0"]
[WhiteElo "2157"]
[BlackElo "2079"]
[PlyCount "69"]
[EventDate "2018.09.24"]
[EventType "team-swiss"]
[EventRounds "11"]
[EventCountry "GEO"]
[SourceTitle "Ajedrez en Madrid"]
[Source "lmi"]
[SourceDate "2018.09.24"]
[WhiteTeam "Egypt"]
[BlackTeam "Bermuda"]
[WhiteTeamCountry "EGY"]
[BlackTeamCountry "BER"]

1. d4 d5 2. Nf3 Nf6 3. c4 dxc4 4. Nc3 e6 5. e3 c5 6. Bxc4 a6 7. a4 Nc6 8. O-O
cxd4 9. exd4 Nb4 10. Re1 Be7 11. Bg5 O-O 12. Qb3 a5 13. Rad1 Nfd5 14. Bxe7 Nxe7
15. Ne4 Ned5 16. Ne5 b6 17. Qg3 h6 18. Bb5 Ba6 19. Nc6 Nxc6 20. Bxc6 Rc8 21.
Bxd5 exd5 22. Nd6 Rc6 23. Nf5 Qf6 24. Ne7+ Kh7 25. Nxc6 Qxc6 26. Rc1 Qxa4 27.
Qd6 Kg8 28. Qxb6 Bc4 29. Ra1 Qb4 30. Qxa5 Qxb2 31. Qc5 Rb8 32. h3 Qd2 33. Qc7
Rf8 34. Qd6 Rc8 35. Qd7 1-0

[Event "43. Olimpiada Batumi 2018 Femenina"]
[Site "Batumi GEO"]
[Date "2018.09.24"]
[Round "1.2"]
[White "Cancino, Shiela"]
[Black "Wafa, Shrook"]
[Result "0-1"]
[WhiteElo "1456"]
[BlackElo "2136"]
[PlyCount "96"]
[EventDate "2018.09.24"]
[EventType "team-swiss"]
[EventRounds "11"]
[EventCountry "GEO"]
[SourceTitle "Ajedrez en Madrid"]
[Source "lmi"]
[SourceDate "2018.09.24"]
[WhiteTeam "Bermuda"]
[BlackTeam "Egypt"]
[WhiteTeamCountry "BER"]
[BlackTeamCountry "EGY"]

1. d4 Nf6 2. Nf3 e6 3. e3 Be7 4. Bd3 O-O 5. b3 d5 6. Nbd2 c5 7. Bb2 Nc6 8. a3
a6 9. c4 dxc4 10. Nxc4 b5 11. Nce5 Nxe5 12. Nxe5 Bb7 13. O-O Rc8 14. Rc1 cxd4
15. Rxc8 Qxc8 16. Bxd4 Qd8 17. Ng4 Qd5 18. Nxf6+ Bxf6 19. f3 Bxd4 20. exd4
Qxd4+ 21. Kh1 g6 22. Bc2 Qxd1 23. Rxd1 Rc8 24. Rd2 Bd5 25. h3 Rc3 26. a4 Bxb3
27. Bxb3 Rxb3 28. axb5 axb5 29. Kg1 Kg7 30. Kf2 b4 31. Ke2 Kf6 32. Kd1 Rc3 33.
Rc2 Rxc2 34. Kxc2 Ke5 35. g3 Kd4 36. Kb3 Ke3 37. f4 Kf3 38. Kxb4 Kxg3 39. Kc5
Kxf4 40. Kd6 e5 41. Ke7 e4 42. Kxf7 e3 43. Kg7 e2 44. h4 e1=Q 45. h5 Kg5 46.
hxg6 Qe7+ 47. Kg8 Kxg6 48. Kh8 Qf8# 0-1